<?xml version="1.0" encoding="UTF-8"?>
<record
    xmlns:xsi="http://www.w3.org/2001/XMLSchema-instance"
    xsi:schemaLocation="http://www.loc.gov/MARC21/slim http://www.loc.gov/standards/marcxml/schema/MARC21slim.xsd"
    xmlns="http://www.loc.gov/MARC21/slim">

  <leader>00778nam a2200217   4500</leader>
  <controlfield tag="003">3228</controlfield>
  <controlfield tag="005">20250217121128.0</controlfield>
  <controlfield tag="008">RDA</controlfield>
  <datafield tag="020" ind1=" " ind2=" ">
    <subfield code="a">9781770096776 (Forest ...)</subfield>
  </datafield>
  <datafield tag="020" ind1=" " ind2=" ">
    <subfield code="a">1770096779 (Forest ...)</subfield>
  </datafield>
  <datafield tag="040" ind1=" " ind2=" ">
    <subfield code="a">RDA</subfield>
    <subfield code="c">3238</subfield>
    <subfield code="b">E</subfield>
  </datafield>
  <datafield tag="082" ind1="0" ind2="4">
    <subfield code="a">577.0968</subfield>
    <subfield code="2">22</subfield>
  </datafield>
  <datafield tag="100" ind1="1" ind2=" ">
    <subfield code="a">Hanks, Karoline.</subfield>
    <subfield code="9">4263</subfield>
  </datafield>
  <datafield tag="245" ind1="1" ind2="0">
    <subfield code="a">Exploring our biomes :</subfield>
    <subfield code="b">South Africa /</subfield>
    <subfield code="c">Karoline Hanks.</subfield>
  </datafield>
  <datafield tag="260" ind1=" " ind2=" ">
    <subfield code="a">Auckland Park [South Africa] :</subfield>
    <subfield code="b">Jacana Media,</subfield>
    <subfield code="c">2009.</subfield>
  </datafield>
  <datafield tag="300" ind1=" " ind2=" ">
    <subfield code="a">5 v. :</subfield>
    <subfield code="b">col. ill., col. maps ;</subfield>
    <subfield code="c">25 cm.</subfield>
  </datafield>
  <datafield tag="500" ind1=" " ind2=" ">
    <subfield code="a">Boxed set.</subfield>
  </datafield>
  <datafield tag="504" ind1=" " ind2=" ">
    <subfield code="a">Includes bibliographical references and indexes.</subfield>
  </datafield>
  <datafield tag="505" ind1="0" ind2=" ">
    <subfield code="a">Forest biome and Albany thicket biome -- The fynbos biome -- The grassland biome -- The savannah biome -- The succulent Karoo and Nama-Karoo biomes.</subfield>
  </datafield>
  <datafield tag="942" ind1=" " ind2=" ">
    <subfield code="2">ddc</subfield>
    <subfield code="c">BOOK</subfield>
    <subfield code="w">366</subfield>
    <subfield code="x">Thandeka Mbuyisa</subfield>
    <subfield code="y">366</subfield>
    <subfield code="z">Thandeka Mbuyisa</subfield>
  </datafield>
  <datafield tag="999" ind1=" " ind2=" ">
    <subfield code="c">772235</subfield>
    <subfield code="d">772234</subfield>
  </datafield>
  <datafield tag="952" ind1=" " ind2=" ">
    <subfield code="0">0</subfield>
    <subfield code="1">0</subfield>
    <subfield code="2">ddc</subfield>
    <subfield code="4">0</subfield>
    <subfield code="7">0</subfield>
    <subfield code="a">AMSTL</subfield>
    <subfield code="b">AMSTL</subfield>
    <subfield code="c">Non_Fiction</subfield>
    <subfield code="d">2025-02-17</subfield>
    <subfield code="l">0</subfield>
    <subfield code="o">577.0968 22</subfield>
    <subfield code="p">33228031002604</subfield>
    <subfield code="r">2025-02-17</subfield>
    <subfield code="w">2025-02-17</subfield>
    <subfield code="y">BOOK</subfield>
  </datafield>
</record>
